| 000 | 00687nam a2200217Ia 4500 | ||
|---|---|---|---|
| 003 | OSt | ||
| 005 | 20251204162516.0 | ||
| 008 | 220926b |||||||| |||| 00| 0 eng d | ||
| 020 | _a0826417027 | ||
| 037 | _cReference Collections | ||
| 040 |
_aRTL _cRTL _beng |
||
| 041 |
_2eng _aeng |
||
| 084 |
_aY:3(Q62), P5 _qRTL |
||
| 100 |
_aAnderson Jane _9371336 |
||
| 245 | 0 |
_aPriests in love: Roman catholic clergy and their intimate friendship _b |
|
| 260 |
_aNew _bYork Continuum _c2005 |
||
| 300 |
_a215 p. _bIncludes bibliographical references and index. |
||
| 650 |
_aSociology _9854697 |
||
| 942 |
_hY:3(Q62), P5 _cGB _2CC _n0 |
||
| 999 |
_c691547 _d691547 |
||